| Поле | Инд. | ПП | Название | Значение |
|---|---|---|---|---|
| Тип записи | a | |||
| Библиографический уровень | b | |||
| 001 | Контрольный номер | RU/IS/BASE/253730938 | ||
| 005 | Дата корректировки | 20200522191203.5 | ||
| 008 | Кодируемые данные | 20080115 | ||
| 040 | b | Код языка каталог. | rus | |
| e | Правила каталог. | PSBO | ||
| 041 | 0_ | a | Код языка текста | rus |
| 084 | a | Индекс другой классификации/Индекс ББК | 60.561.25; 65.011.2; 65.264.31 | |
| 100 | 1_ | a | Автор | Барков С. А. |
| q | Полное имя | Барков Сергей Александрович | ||
| 100 | 1_ | a | Автор | Клубова О. А. |
| q | Полное имя | Клубова Ольга Александровна | ||
| 245 | 10 | a | Заглавие | Социальные аспекты функционирования фондовых бирж |
| 504 | a | Библиография | Библиогр. ссылки | |
| 650 | a | Основная рубрика | рынок ценных бумаг | |
| a | Основная рубрика | социология | ||
| a | Основная рубрика | финансы | ||
| a | Основная рубрика | экономическая социология | ||
| a | Основная рубрика | экономическая теория | ||
| 653 | 1_ | a | Ключевые слова | биржевые торги |
| a | Ключевые слова | брокер | ||
| a | Ключевые слова | брокерская деятельность | ||
| a | Ключевые слова | игра на бирже | ||
| a | Ключевые слова | конкуренция | ||
| a | Ключевые слова | корпоративное управление | ||
| a | Ключевые слова | организации | ||
| a | Ключевые слова | рыночные отношения | ||
| a | Ключевые слова | социальная ответственность | ||
| a | Ключевые слова | социально-экономические институты | ||
| a | Ключевые слова | социально-экономические отношения | ||
| a | Ключевые слова | технический анализ | ||
| a | Ключевые слова | транспарентность организации | ||
| a | Ключевые слова | фондовые биржи | ||
| 773 | 0_ | t | Заглавие источника | Вестник Московского университета. Серия 18, Социология и политология |
| d | Дата издания источника | 2007 | ||
| g | Прочая информация | № 2. - С. 103 - 118 | ||
| w | Контрольный № источника | RU/IS/BASE/242834490 | ||
| 901 | t | Тип документа | b |